| 000 | nam a22 7a 4500 | ||
|---|---|---|---|
| 999 |
_c336474 _d336474 |
||
| 003 | IT-MiCISF | ||
| 005 | 20170303154753.0 | ||
| 008 | 170303b xxu||||| |||| 00| 0 eng d | ||
| 040 |
_aIT-MiCISF _cIT-MiCISF |
||
| 041 | _ait | ||
| 100 |
_aMantovani Nadia _956234 |
||
| 210 | _aIntams review | ||
| 222 | _a13706020 | ||
| 245 | _aMoral tales of the teenage parent: narratives of change, personal transformation and growth | ||
| 260 | _c2015 | ||
| 300 | _app. 170-184 | ||
| 310 | _asemestrale | ||
| 362 | _avol. 21, n. 2 | ||
| 500 | _aadolescente-con-figli, esperienze | ||
| 650 |
_agenitorialità _956044 |
||
| 654 | _aarticolo | ||
| 700 |
_aDowling S. _aHollins S. _956235 |
||
| 942 |
_2ddc _cCR |
||